Ugoľnyj kombajn "DONBASS-2" /

Uložené v:
Podrobná bibliografia
Hlavný autor: Aruťuňan, S. M (Author)
Médium: Kniha
Jazyk:Russian
Vydané: Moskva : Ugletechizdat, 1957.
Vydanie:1. izd.
ISBN: (viaz.)
Fyzický popis: 216 s.
Tagy: Pridať tag
Žiadne tagy, Buďte prvý kto otaguje tento záznam!

MARC

LEADER 00000nam a22000004a 4500
001 000596271
005 20181002182857.0
008 181002s1957 ru e 000 0 rus d
020 |a (viaz.)  |c Kčs 4,10 
040 |a SVKKK  |b slo  |c SVKKK  |e AACR2 
041 0 |a rus 
044 |a ru  |c RU 
100 1 |a Aruťuňan, S. M  |4 aut 
245 1 0 |a Ugoľnyj kombajn "DONBASS-2" /  |c S. M. Aruťuňan. 
250 |a 1. izd. 
260 |a Moskva :  |b Ugletechizdat,  |c 1957. 
300 |a 216 s. 
910 |a svkkk 
998 |a BK 
090 |g SCKHL  |k Sklad Pribinova 2. posch.  |a III.74763  |j 148697  |i 2720570261  |4 Vyradená  |s Vyradená